| 000 | 00430nam a2200157 i 4500 | ||
|---|---|---|---|
| 001 | 35770 | ||
| 003 | ES-MaACL | ||
| 005 | 20230906155216.0 | ||
| 007 | t| | ||
| 008 | 030214s1898 sp ||||1| spa d | ||
| 100 | 1 |
_aBoza Vargas, Juan. _931203 |
|
| 245 | 1 | 3 |
_aEl fuero de Baylio / _cJuan Boza Vargas. |
| 260 |
_aFregenal : _b[s.n.], _c1898 ( _fImp. Indalecio Blanco) |
||
| 300 |
_a45 p. ; _c23 cm. |
||
| 852 |
_aES-MaACL _jT-1362-F-6 |
||
| 999 |
_c35770 _d35770 |
||